000
00338nam a22001457a 4500
008
210301b ||||| |||| 00| 0 eng d
020
_a
9780397546411
041
_a
eng
080
_2
6th
_a
610.73
080
_a
610.73
100
_a
1
101
_a
INF
245
_a
Textbook of Medical-Surgical Nursing
_c
Brunner, L.S
942
_2
udc
_c
BK
999
_c
55321
_d
55321